Cẩm nang sửa chữa xe gắn máy

Gorde:
Xehetasun bibliografikoak
Egile nagusia: TRẦN PHƯƠNG HỒ
Formatua: Liburua
Hizkuntza:Undetermined
Argitaratua: Đà Nẵng 1998
Etiketak: Etiketa erantsi
Etiketarik gabe, Izan zaitez lehena erregistro honi etiketa jartzen!
Thư viện lưu trữ: Trung tâm Học liệu Trường Đại học Cần Thơ
LEADER 00459nam a2200145Ia 4500
001 CTU_48521
008 210402s9999 xx 000 0 und d
082 |a 629.28775 
082 |b H450g 
100 |a TRẦN PHƯƠNG HỒ 
245 0 |a Cẩm nang sửa chữa xe gắn máy 
245 0 |c TRẦN PHƯƠNG HỒ, Đỗ Quốc Thái 
260 |b Đà Nẵng 
260 |c 1998 
980 |a Trung tâm Học liệu Trường Đại học Cần Thơ